| 000 | 00543nam a2200193 a 4500 | ||
|---|---|---|---|
| 005 | 20220622063539.0 | ||
| 008 | 080429s1985 es r 000 0 spa d | ||
| 020 | _a8459912884 | ||
| 035 | _aUPN01000155688 | ||
| 049 | _aI | ||
| 050 | 4 |
_aPZ8.2 _bO7.88 |
|
| 100 | 1 | _aOrmerod, Jean | |
| 245 | 1 | 0 |
_aPollo repollo / _cJean Ormerod ; tr. Ma. Elena Walsh. |
| 260 |
_aMadrid : _bOrbis, _c1985. |
||
| 300 |
_a[30] p. : _bil. |
||
| 440 | 0 |
_aVeo-veo : _pmi primera biblioteca ; _v4 |
|
| 650 | 0 |
_aAnimales _vCuentos y leyendas _9234 |
|
| 905 | _aInfantil | ||
| 999 |
_c127802 _d127802 |
||